Prontuário ortográfico e guia da língua portuguesa (Record no. 44716)
[ view plain ]
| 000 -Etiqueta do registo | |
|---|---|
| Valores | 00779cam a2200241 04500 |
| 021 ## - Número do Depósito Legal | |
| Número | 49278/91 |
| 100 ## - Dados gerais de processamento | |
| Dados gerais | 19920129d1991 m y0pory5003 ba |
| 101 0# - Língua de publicação | |
| Língua | por |
| 102 ## - País de publicação | |
| País | PT |
| 200 1# - Titulo e menção de responsabilidade | |
| Título próprio | Prontuário ortográfico e guia da língua portuguesa |
| Primeira menção de responsabilidade | Magnus Bergström, Neves Reis |
| 205 ## - Menção da edição | |
| Edição | 22.ª ed. |
| 210 #9 - Publicação | |
| Local de publicação | Lisboa |
| Nome do editor | Editorial Notícias, |
| Data de publicação | [D.L. 1991] |
| 215 ## - Descrição física | |
| Paginação / Volumes | 473 p., [1] f. desdobr. |
| Dimensões | 19 cm |
| 225 2# - Colecção | |
| Título próprio da colecção | Linguística |
| 327 1# - Nota de conteúdo | |
| Texto da nota | Contém: texto integral e nota explicativa do acordo ortográfico da Língua Portuguesa de 1990 |
| 606 ## - Nome comum usado como assunto | |
| Palavra de ordem | Língua portuguesa |
| Subdivisão assunto | Ortografia |
| 675 ## - CDU | |
| Notação | 811.134.3'35(083) |
| 700 #1 - Autor principal | |
| Apelido | Bergström, |
| Nome | Magnus, |
| Datas | 1890-1960 |
| 701 #1 - Autor co-responsavel | |
| Apelido | Reis, |
| Nome | Neves, |
| Datas | 1890-? |
| Função | 070 |
| 801 #0 - Fonte de origem | |
| País | PT |
| Agência | BN |
| Regras de catalogação | RPC |
| 990 ## - Elementos KOHA | |
| Tipo de documento | Livro |
| Aquisição | Empréstimo | Código de barras | Cota | Permissão de empréstimo | Tipo de documento | Nota relativa ao exemplar |
|---|---|---|---|---|---|---|
| Biblioteca Municipal de Redondo | Biblioteca Municipal de Redondo | 054712 | 811.134.3'35 BER | Livro | depósito |